00750naa a2200193 i 4500001000400000003000400004005001700008008003900025040000800064041000800072044000800080100013700088245011100225260001000336500002200346655003000368773007800398711008000476BPPBPK20180201141951.0150610s1985 CAN f |100 0 eng cBPK aeng aCAN aHRYNIEWICZ, Tadeusz.d1971 - 1996.bWyższa Szkoła Inżynierska w Koszalinie - Wydział Mechaniczny, cZakład Technologii Maszyn aA review of "Galling wear of metals" by M.B. Peterson, K.J. Bhansali, and L.K. Ives /cTadeusz Hryniewicz. c1985. aDane z kartoteki. 0aMateriały konferencyjne. iW :tProceedings of the International Wear Conference. -dVancouver, 1985 aInternational Conference on Wear of Materialsd(1985 ;cVancouver, Kanada).